Constitution Of India Vol-ii (Record no. 688805)

MARC details
000 -LEADER
fixed length control field 00332nam a2200133Ia 4500
008 - FIXED-LENGTH DATA ELEMENTS--GENERAL INFORMATION
fixed length control field 230627s9999 xx 000 0 und d
020 ## - INTERNATIONAL STANDARD BOOK NUMBER
International Standard Book Number 81-87629-37-1
041 ## - LANGUAGE CODE
Language code of text/sound track or separate title mar
082 ## - DEWEY DECIMAL CLASSIFICATION NUMBER
Classification number 342
Item number SIN
100 ## - MAIN ENTRY--PERSONAL NAME
Personal name Singhvi
245 ## - TITLE STATEMENT
Title Constitution Of India Vol-ii
250 ## - EDITION STATEMENT
Edition statement 2ed.
260 ## - PUBLICATION, DISTRIBUTION, ETC.
Place of publication, distribution, etc. New Delhi
Name of publisher, distributor, etc. Modern Law Publications
Date of publication, distribution, etc. 2006
Holdings
Withdrawn status Lost status Damaged status Not for loan Collection Home library Current library Shelving location Date acquired Cost, normal purchase price Total Checkouts Full call number Barcode Date last seen Price effective from Koha item type
        NLP LL.B New Law College, Pune New Law College, Pune NLP-Rack No-115 31/03/2007 1300.00   342 SIN NLP-N09822 17/07/2023 17/07/2023 Reference Books